El romancero

Guardat en:
Dades bibliogràfiques
Format: Llibre
Idioma:espanyol
Publicat: Buenos Aires SELA 1947
Matèries:
Etiquetes: Afegir etiqueta
Sense etiquetes, Sigues el primer a etiquetar aquest registre!

MARC

LEADER 00000nam a2200000 a 4500
001 UCQ5280
003 CL-VaPUC
008 980925e19470000AG |||||||||||||||||spa|d
082 0 4 |a 861  |b ROM  |2 21 
245 1 3 |a El romancero 
300 |a 125 p 
942 |c BK 
945 |d 19980925 00:00:00  |a crobeson 
260 |a Buenos Aires  |b SELA  |c 1947 
650 0 |a Poesías españolas  |9 265100 
650 0 |a Literatura española  |9 306261 
583 |a last modification  |c 19980925 00:00:00  |k Rodrigo Vera 
999 |c 275494  |d 275492 
952 |0 0  |1 0  |4 0  |6 861_000000000000000_ROM_1947  |7 0  |8 A  |9 312250  |a BIBEDU  |b BIBEDU  |d 2019-11-20  |i 1469924  |o 861 ROM 1947  |p 1469924  |r 2019-11-20  |w 2019-11-20  |y BK  |k LIT